000 00344nam a22001457a 4500
020 _a978-8126512560
041 _aENG
100 _aRavindran
245 _aOperations Research Principles And Practice
260 _aNew York .
_bJohn Wiley & Sons
_c2000
300 _a637
650 _aSWCE
700 _aSolberg.R.P
856 _uSWCE ( 24 )
999 _c1815
_d1815